书目信息 |
| 题名: |
公共管理法律基础
|
|
| 作者: | 毛昭晖 主编 | |
| 分册: | ||
| 出版信息: | 北京 中国人民大学出版社 2008.05 |
|
| 页数: | 289页 | |
| 开本: | 20cm | |
| 丛书名: | ||
| 单 册: | ||
| 中图分类: | D922.11 | |
| 科图分类: | ||
| 主题词: | 法律--中国 | |
| 电子资源: | ||
| ISBN: | 978-7-300-04508-5 | |
| 000 | 00594nam0 2200217 45 | |
| 001 | 0934982594 | |
| 005 | 20091101094425.84 | |
| 010 | @a978-7-300-04508-5@dCNY19.00 | |
| 100 | @a20090515d2008 ekmy0 y0120 ea | |
| 102 | @aCN@b130000 | |
| 102 | @aCN@b110000 | |
| 105 | @ay z 000yy | |
| 200 | 1 | @a公共管理法律基础@f毛昭晖主编@Fmao zhao hui zhu bian |
| 210 | @a北京@c中国人民大学出版社@d2008.05 | |
| 215 | @a289页@d20cm | |
| 606 | 0 | @a法律@x中国 |
| 690 | @aD922.11@v4 | |
| 701 | 0 | @a毛昭晖@Amao zhao hui@4主编 |
| 801 | 0 | @aCN@c20091101 |
| 905 | @a10447@dD922.11@eM368 | |
| 906 | @d19@n3@r1 | |
| 公共管理法律基础/毛昭晖主编.-北京:中国人民大学出版社,2008.05 |
| 289页;20cm |
| ISBN 978-7-300-04508-5:CNY19.00 |
| ● |
| 相关链接 |
|
|
|
正题名:公共管理法律基础
索取号:D922.11/M368
 
预约/预借
| 序号 | 登录号 | 条形码 | 馆藏地/架位号 | 状态 | 备注 |
| 1 | 656283 | 206562833 | 社科库509/509社科库 84排8列5层/ [索取号:D922.11/M368] | 在馆 | |
| 2 | 656284 | 206562842 | 社科库509/509社科库 84排8列5层/ [索取号:D922.11/M368] | 在馆 | |
| 3 | 656285 | 206562851 | 社科库509/509社科库 84排8列5层/ [索取号:D922.11/M368] | 在馆 |